| 000 | 00902nmm a2200277 a 4500 | ||
|---|---|---|---|
| 001 | ocm0002146453 | ||
| 003 | TR-IsHL | ||
| 005 | 20201028182932.0 | ||
| 008 | 190216s2015 tu tur | ||
| 007 | cr cn | ||
| 020 | _a9786058417670 | ||
| 035 |
_a2146453 _b(N$T) |
||
| 050 | 0 | 4 |
_aPL248.A585 _bB5 2015 |
| 090 | 0 | 4 |
_aPL248.A585 _bB5 2015 |
| 100 | 1 | _aAltıntaş, Hüdayi | |
| 245 | 1 | 0 |
_aBirinci sınıf hikayeler _h[electronic resource] / _cHüdayi Altıntaş |
| 250 | _aBirinci Basım | ||
| 260 |
_aİstanbul : _bArtikel Yayıncılık, _c2015 |
||
| 300 | _a81 p. | ||
| 650 | 4 | _aDil ve Edebiyat | |
| 650 | 4 | _aLanguage and Literature | |
| 650 | 0 | _aÇocuk hikâyeleri, Türk | |
| 650 | 0 | _aChildren's stories, Turkish | |
| 650 | 7 |
_aLITERARY COLLECTIONS / Middle Eastern _2bisacsh |
|
| 856 | 4 | 0 | _uhttp://search.ebscohost.com/login.aspx?direct=true&scope=site&db=e011xww&AN=2146453 |
| 999 |
_c20302 _d20302 |
||